Almost Useless Literature Trivia Quiz Stats

 Plays Quiz Updated Jun 10, 2019

Score 0/30 Timer 05:00
5 Plays Today
Question Answer % Correct
Who was Sherlock Holmes's assistant & flatmate?John Watson
93.9%
In 'Animal Farm', what type of animal is Napoleon?Pig
93.3%
Ian Fleming is best known for creating which iconic spy?James Bond
92.1%
Who wrote 'Matilda' and 'Fantastic Mr Fox'?Roald Dahl
84.6%
Name either city to which the title 'A Tale of Two Cities' refers.London, Paris
84%
In which country is Shakespeare's 'Hamlet' set?Denmark
82.5%
Which of the Brontë sisters wrote 'Wuthering Heights'?Emily
81.1%
In which US state does 'To Kill a Mockingbird' take place?Alabama
78.1%
Which author conceived Ents, Orcs, and Maiar?J.R.R. Tolkien
77.8%
Who created the detectives Hercule Poirot & Miss Marple?A. Christie
75.8%
What is the name of Dr. Seuss's egg-hatching elephant?Horton
73.4%
In what 'wood' are the Winnie-the-Pooh stories set?Hundred Acre
72.2%
Sancho Panza was the squire for which famous character?Don Quixote
71%
What 1981 Stephen King novel is about a rabid dog?Cujo
70%
What author wrote 'A Farewell to Arms,' published in 1929?Hemingway
69.7%
Question Answer % Correct
Who captains the Pequod in 'Moby Dick'?Ahab
69.3%
Name any of the Three Musketeers.Athos
69%
What is the final word in Edgar Allan Poe's 'The Raven'?Nevermore
68%
Name any Pevensie child from The Chronicles of Narnia.Edmund
63.2%
What 1963 Vonnegut novel is also a children's string game?Cat's Cradle
57.8%
What American poet wrote 'The Road Not Taken'?Robert Frost
57.2%
What Lewis Carroll poem mentions a 'frumious Bandersnatch'?Jabberwocky
54.1%
'Anne of Green Gables' is set on an island of which country?Canada
51.7%
What is the name of Fern's pig in 'Charlotte's Web'?Wilbur
50%
Name the title character in W. Goldman's 'The Princess Bride'.Buttercup
47.3%
What author is best known for 'Beloved' & 'The Bluest Eye'?Toni Morrison
45.9%
In 'A Christmas Carol', who is Tiny Tim's father?Bob Cratchit
44.1%
Who is the resident poltergeist at Hogwarts?Peeves
42.3%
Which author created the character 'Lestat de Lioncourt'?Anne Rice
41.4%
Gabriel García Márquez was an author from which country?Colombia
40.8%

You're not logged in!

Compare scores with friends on all Sporcle quizzes.
OR
Log In

Sporcle TV

Today on Sporcle TV


Watch our educational content, quiz creation guides, and fun videos on Sporcle TV.

Show Comments

Extras

Top Quizzes Today


Score Distribution

Your Account Isn't Verified!

In order to create a playlist on Sporcle, you need to verify the email address you used during registration. Go to your Sporcle Settings to finish the process.

Report this User

Report this user for behavior that violates our Community Guidelines.

Details: